100 Biggest Cities of Turkey on a Map - Statistics

General Stats
  • This quiz has been taken 763 times
  • The average score is 39 of 100
Answers on the Map
Answers color-coded by a green-red scale on the quiz's map according to % correct below.
 
Answer Stats
Population City % Correct
15,244,936 İstanbul
99%
5,186,002 Ankara
98%
2,948,160 İzmir
95%
1,322,766 Antalya
91%
2,051,464 Bursa
86%
1,779,463 Adana
84%
1,365,287 Konya
82%
1,680,723 Gaziantep
80%
180,002 Edirne
78%
293,661 Trabzon
76%
639,930 Samsun
75%
525,016 Van
74%
461,354 Batman
73%
1,040,507 Mersin
67%
1,087,786 Diyarbakır
64%
988,578 Kayseri
64%
422,636 Erzurum
60%
789,023 Eskişehir
59%
342,074 İzmit
56%
186,421 Tekirdağ
55%
596,637 Şanlıurfa
54%
368,279 Antakya
53%
651,200 Denizli
53%
365,270 Sivas
53%
256,901 Afyonkarahisar
52%
122,555 Rize
51%
118,224 Bodrum
49%
571,266 Kahramanmaraş
49%
189,222 Alanya
48%
143,675 Çanakkale
48%
308,073 Çorlu
46%
485,484 Malatya
46%
314,958 Balıkesir
41%
247,580 Isparta
41%
387,072 Elâzığ
40%
135,682 Erzincan
40%
768,467 Gebze
40%
186,706 İskenderun
40%
385,452 Manisa
40%
133,381 Mardin
40%
190,425 Ordu
40%
186,078 Bolu
39%
259,027 Aydın
38%
269,594 Çorum
38%
252,186 Osmaniye
38%
175,390 Karaman
37%
253,112 Aksaray
36%
273,241 Adıyaman
35%
125,682 Giresun
35%
116,707 Muş
34%
133,109 Yalova
34%
186,960 Kırıkkale
33%
123,882 Nevşehir
33%
229,463 Uşak
33%
163,405 Tokat
32%
120,633 Ağrı
31%
116,353 Amasya
31%
161,224 Niğde
31%
191,903 Silivri
31%
278,470 Tarsus
31%
553,316 Adapazarı
30%
128,707 Kastamonu
30%
150,700 Kırşehir
30%
133,423 Bingöl
29%
111,231 Fethiye
29%
125,404 Lüleburgaz
29%
161,328 Siirt
29%
194,097 Düzce
28%
125,403 Karabük
28%
111,648 Kilis
28%
145,469 Bandırma
25%
165,950 Manavgat
24%
258,924 Arnavutköy
23%
141,847 Çerkezköy
20%
122,282 Ereğli
20%
113,999 Ereğli
19%
115,965 Ceyhan
18%
239,675 İnegöl
18%
134,041 Cizre
17%
169,922 Gölcük
17%
109,439 Polatlı
17%
132,311 Akhisar
16%
127,412 Kapaklı
16%
124,824 Nazilli
16%
154,493 Turgutlu
16%
185,573 Menemen
15%
125,324 Edremit
14%
196,633 Kızıltepe
14%
160,122 Siverek
14%
118,754 Viranşehir
14%
197,330 Torbalı
13%
143,496 Derince
12%
111,261 Gemlik
12%
174,344 Körfez
12%
117,750 Nizip
12%
128,466 Kartepe
11%
164,352 Talas
11%
111,377 Salihli
10%
241,558 Karaköprü
9%
112,930 Başiskele
8%
No matching quizzes found
Score Distribution
Percent of People with Each Score
Percentile by Number Answered
Your Score History
You have not taken this quiz